000 01457namaa2200361 i 4500
003 EG-GICUC
005 20260209122443.0
008 260209s1976 ti h|||gr|||| 000 0 ara d
040 _aEG-GiCUC
_bara
_cEG-GiCUC
_dEG-GiCUC
_erda
082 0 4 _221
_a240
_bS1587
092 0 4 _221
_a240
_bS1587
099 _a240 S1587
100 1 _aسكوني، أبو علي عمر،
_d-1317 or 1318
_eمؤلف.
245 1 0 _a‪عيون المناظرات =
_b ‪Uyun al-munazarat /
_c‪أبو على عمر السكوني ؛ تحقيق سعد غراب.
264 _a‪[تونس؟] :
_b‪الجامعة التونسية،
_c1976.
300 _a415، 112 صفحة : ‪
_bإيضاحيات ؛
_c24 سم
336 _2rdacontent
_atext
337 _2rdamedia
_aUnmediated
338 _2rdacarrier
_avolume
490 _aكلية الأداب والعلوم الأنسانية
500 _aمع مقدمة وفهارس.
500 _aيشتمل على صفحة عنوان باللغة الفرنسية.
500 _aالنص باللغتين العربية والفرنسية.
504 _a414-401 ببليوجرافيا: صفحات.
541 _aد. جابر عصفور ؛
_bالقاهرة ؛
_cإهداء ؛
_d2024.
650 1 _a‪التوحيد.
_2qrmak
650 1 _aالاسلام
_x‪عقائد.
650 1 _a‪المناظرات.
651 1 _2qrmak
700 1 _aغراب، سعد
_eمحقق.
905 _aAsmaa
942 _2ddc
_cBK
_e21
_n0
999 _c178296
_d178296